书目信息 |
| 题名: |
人体及动物生理学
|
|
| 作者: | 王玢 , 左明雪 主编 | |
| 分册: | ||
| 出版信息: | 北京 高等教育出版社 2001 |
|
| 页数: | 491页 | |
| 开本: | 26cm | |
| 丛书名: | ||
| 单 册: | ||
| 中图分类: | Q4 | |
| 科图分类: | ||
| 主题词: | 生理学--高等学校 | |
| 电子资源: | ||
| ISBN: | 7-04-009428-2 | |
| 000 | 00869nam0 2200253 45 | |
| 001 | 020000009247 | |
| 005 | 20070727095527.75 | |
| 010 | @a7-04-009428-2@dCNY26.70 | |
| 100 | @a20040420e20022001ekmy0chiy0120 ea | |
| 101 | 0 | @achi |
| 102 | @aCN@b110000 | |
| 105 | @aak z 001yy | |
| 200 | 1 | @a人体及动物生理学@Aren ti ji dong wu sheng li xue@f王玢,左明雪主编@FWang Fen,Zuo Ming Xue Zhu Bian |
| 205 | @a2版 | |
| 210 | @a北京@c高等教育出版社@d2001 | |
| 215 | @a491页@c图@d26cm | |
| 300 | @a普通高等教育“九五”国家教委重点教材 | |
| 330 | @a本书共分十三章,内容包括绪论,神经肌肉组织的一般生理,中枢神经系统,感觉器官,血液,血液循环,呼吸,消化,能量代谢和体温调节,排泄,内分泌,生殖等。 | |
| 606 | 0 | @a生理学@x高等学校 |
| 690 | @aQ4@v4 | |
| 701 | 0 | @a王玢@4主编 |
| 701 | 0 | @a左明雪@4主编 |
| 801 | 0 | @aCN@bCXYBOOK@c20070727 |
| 905 | @f5@b358273-277@dQ4@e13=2 | |
| 人体及动物生理学/王玢,左明雪主编.-2版.-北京:高等教育出版社,2001 |
| 491页:图;26cm |
| 普通高等教育“九五”国家教委重点教材 |
| ISBN 7-04-009428-2:CNY26.70 |
| 本书共分十三章,内容包括绪论,神经肌肉组织的一般生理,中枢神经系统,感觉器官,血液,血液循环,呼吸,消化,能量代谢和体温调节,排泄,内分泌,生殖等。 |
| ● |
| 相关链接 |
|
|
|
|
正题名:人体及动物生理学
索取号:Q4/13=2
 
预约/预借
| 序号 | 登录号 | 条形码 | 馆藏地/架位号 | 状态 | 备注 |
| 1 | 0358273 | 3582732 | 第二样本阅览室/ [索取号:Q4/13=2] | 在馆 | |
| 2 | 0358274 | 3582741 | 第三借阅区/ [索取号:Q4/13=2] |
已借出,限还日期为2012.03.27 借出人:黎延凯 |
|
| 3 | 0358275 | 3582750 | 第三借阅区/ [索取号:Q4/13=2] | 在馆 | |
| 4 | 0358276 | 3582769 | 第三借阅区/ [索取号:Q4/13=2] | 在馆 | |
| 5 | 0358277 | 3582778 | 第三借阅区/ [索取号:Q4/13=2] | 在馆 | |
| 6 | 0778109 | 207781097 | 密集书库/ [索取号:Q4/13=2] | 在馆 | |
| 7 | 0779800 | 207798007 | 密集书库/ [索取号:Q4/13=2] | 在馆 | |
| 8 | 0779811 | 207798114 | 密集书库/ [索取号:Q4/13=2] | 在馆 | |
| 9 | 0787592 | 207875922 | 密集书库/ [索取号:Q4/13=2] | 在馆 | |
| 10 | 0788614 | 207886144 | 密集书库/ [索取号:Q4/13=2] | 在馆 |